World Regions #2 - Western Europe - Statistics

General Stats
  • This quiz has been taken 66 times
  • The average score is 57 of 197
Answer Stats
Answers % Correct
England
93%
Scotland
93%
Wales
93%
Northern Ireland
91%
Northern Region
84%
Catalonia
82%
Brittany
75%
Madrid
71%
Sicily
67%
Normandy
65%
Sardinia
65%
Dublin City
64%
Lisbon
64%
Tuscany
64%
Basque Country
62%
Cork
60%
Andalusia
58%
Porto
56%
Bern
55%
Galicia
55%
Geneva
55%
Valencia
55%
Brussels
53%
Île-de-France
53%
Lombardy
53%
Zürich
53%
Corsica
49%
Luxembourg
49%
Piedmont
49%
Andorra la Vella
47%
Aragon
47%
Castile and León
47%
Southern Region
47%
Canary Islands
45%
Auvergne-Rhône-Alpes
44%
Balearic Islands
44%
Limerick
44%
Monaco-Ville
44%
Murcia
44%
North Holland
44%
Provence-Alpes-Côte d'Azur
44%
Occitanie
42%
South Holland
42%
Basel-Stadt
40%
Bourgogne-Franche-Comté
40%
Castilla-La Mancha
40%
Galway
40%
Grand Est
40%
San Marino
40%
Trentino-South Tyrol
40%
Antwerp
38%
Aosta Valley
38%
Asturias
38%
Centre-Val de Loire
38%
Navarre
38%
Umbria
38%
Apulia
36%
Emilia-Romagna
36%
Extremadura
36%
Hauts-de-France
36%
Lazio
36%
Liguria
36%
Veneto
36%
Abruzzo
35%
Azores
35%
Monte Carlo
35%
Nouvelle-Aquitaine
35%
Pays de la Loire
35%
Waterford
35%
Zeeland
35%
Calabria
33%
Campania
33%
Marche
33%
Mayo
33%
Molise
33%
Cantabria
31%
Kerry
31%
La Rioja
31%
Luzern
31%
Utrecht
31%
Wexford
31%
Zug
31%
Basilicata
29%
Faro
29%
Liège
29%
Madeira
29%
North Brabant
29%
Sligo
29%
Gozo Region
27%
St. Gallen
27%
Uri
27%
Central Region
25%
Clare
25%
Donegal
25%
Drenthe
25%
Flevoland
25%
Friesland
25%
Friuli-Venezia Giulia
25%
Jura
25%
Kilkenny
25%
Valais
25%
Braga
24%
Glarus
24%
Groningen
24%
Limburg
24%
Schwyz
24%
Vaud
24%
Wicklow
24%
Aargau
22%
East Flanders
22%
Fribourg
22%
Grisons
22%
Meath
22%
Neuchâtel
22%
Nidwalden
22%
Obwalden
22%
OverIJssel
22%
Solothurn
22%
Thurgau
22%
Ticino
22%
Basel-Landschaft
20%
Coimbra
20%
Gelderland
20%
Louth
20%
Schaffhausen
20%
Tipperary
20%
West Flanders
20%
Westmeath
20%
Cavan
18%
Namur
18%
Appenzell Ausserrhoden
16%
Flemish Brabant
16%
Leitrim
16%
Longford
16%
Monaghan
16%
Walloon Brabant
16%
Appenzell Innerrhoden
15%
Carlow
15%
Encamp
15%
Hainaut
15%
Kildare
15%
Laois
15%
Offaly
15%
Roscommon
15%
Bragança
13%
Diekirch
13%
Escaldes-Engordany
13%
Viseu
13%
Aveiro
11%
Beja
11%
Évora
11%
Fontvieille
11%
Leiria
11%
Santarém
11%
Setúbal
11%
South Dublin
11%
South Eastern Region
11%
Castelo Branco
9%
Grevenmacher
9%
Guarda
9%
Portalegre
9%
Vila Real
9%
Canillo
7%
Capellen
7%
Esch-sur-Alzette
7%
La Condamine
7%
La Massana
7%
Ordino
7%
Viana do Castelo
7%
Vianden
7%
Clervaux
5%
La Rousse
5%
Larvotto
5%
Mersch
5%
Moneghetti
5%
Saint Michel
5%
Dún Laoghaire-Rathdown
4%
Echternach
4%
Fingal
4%
Fiorentino
4%
La Colle
4%
Montegiardino
4%
Redange
4%
Remich
4%
Sant Julià de Lòria
4%
Serravalle
4%
Wiltz
4%
Acquaviva
2%
Borgo Maggiore
2%
Chiesanuova
2%
Cork City
2%
Domagnano
2%
Faetano
2%
Les Révoires
2%
Galway City
0%
No matching quizzes found
Score Distribution
Percent of People with Each Score
Percentile by Number Answered
Your Score History
You have not taken this quiz